Uprázdnené miesto vedúceho (riaditeľa) rozpočtovej alebo príspevkovej organizácie obce a možnosti jeho obsadzovania
Predkladaný príspevok sa zaoberá analýzou právnej úpravy obsadzovania miesta vedúceho (riaditeľa) rozpočtovej alebo príspevkovej organizácie zriadenej obcou. Vo vnímaní a pri aplikácii tejto právnej úpravy možno identifikovať viacero sporných okruhov. Osobitne autori skúmajú hypotézu, či je možné...
Guardado en:
| Autor principal: | |
|---|---|
| Otros Autores: | |
| Formato: | Capítulo de libro |
| Lenguaje: | eslovaco |
| Materias: | |
| Etiquetas: |
Sin Etiquetas, Sea el primero en etiquetar este registro!
|
MARC
| LEADER | 00000naa a2200000 4500 | ||
|---|---|---|---|
| 001 | 0302868 | ||
| 005 | 20241121124811.0 | ||
| 041 | 0 | |a slo | |
| 044 | |a SK | ||
| 245 | 1 | 0 | |a Uprázdnené miesto vedúceho (riaditeľa) rozpočtovej alebo príspevkovej organizácie obce a možnosti jeho obsadzovania |c Jana Žuľová, Marek Švec |
| 520 | |a Predkladaný príspevok sa zaoberá analýzou právnej úpravy obsadzovania miesta vedúceho (riaditeľa) rozpočtovej alebo príspevkovej organizácie zriadenej obcou. Vo vnímaní a pri aplikácii tejto právnej úpravy možno identifikovať viacero sporných okruhov. Osobitne autori skúmajú hypotézu, či je možné tieto miesta dočasne obsadiť, t. j. či starosta obce (obdobne primátor mesta) môže dočasne poveriť výkonom funkcie osobu, ktorá neprešla schvaľovacím procesom podľa § 11 ods. 4 písm. l) zákona o obecnom zriadení | ||
| 610 | 2 | 0 | |a organizácie príspevkové |
| 610 | 2 | 0 | |a organizácie rozpočtové |
| 610 | 2 | 0 | |a starostovia |
| 610 | 2 | 0 | |a primátori |
| 610 | 2 | 0 | |a zastupiteľstvá obecné |
| 610 | 2 | 0 | |a orgány štatutárne |
| 100 | 1 | |a Žuľová, Jana | |
| 700 | 1 | |a Švec, Marek | |